Instal·lacions esportives adequades per a l'esport de lleure / Jordi Hernández, Susanna Puyol
Descripción Física:
91 p. : il. col. ; 24 cm
Colección:
Temes d'esports ; 6
Otros Autores:
Puyol, Susanna
Materias:
Instal·lacions esportives
MARC
| LEADER | 00000nam a2200000Ia 4500 | ||
|---|---|---|---|
| 001 | 10459 | ||
| 008 | 160829s1993 xx 000 0 cat d | ||
| 080 | |a P-1-23 | ||
| 100 | |a Hernández, Jordi |9 35118 | ||
| 245 | |a Instal·lacions esportives adequades per a l'esport de lleure / Jordi Hernández, Susanna Puyol | ||
| 260 | |a Barcelona : |b Diputació de Barcelona. Servei d'Esports, |c 1993 | ||
| 300 | |a 91 p. : |b il. col. ; |c 24 cm | ||
| 490 | |a Temes d'esports ; 6 | ||
| 650 | |a Instal·lacions esportives |9 41062 | ||
| 700 | |a Puyol, Susanna |9 35119 | ||
| 710 | 1 | |a Barcelona (Catalunya : Província). |b Servei d'Esports |9 53772 | |
| 901 | |a Arxiu | ||
| 942 | |n 1 | ||
| 952 | |0 0 |1 0 |4 0 |6 P123 |7 1 |9 46771 |a Arxiu |b Arxiu |d 2016-12-01 |l 0 |o P-1-23 |p 10459 |r 2016-12-01 00:00:00 |w 2016-12-01 |y ARXIU | ||
| 999 | |c 50564 |d 50564 | ||